000 00888 a2200229 4500
999 _c10638
_d10638
020 _a0421456809 :
050 0 0 _aK230.FRE
_b 1994
100 1 _aFreeman, Michael D. A.
245 1 0 _aLloyd's Introduction to jurisprudence.
250 _aSixth Edition
_bby M.D.A. Freeman.
264 _aLondon ;
_bSweet and Maxwell Limited,
_c1994
300 _axxxvi, 1384 pages;
336 _3BOOK
337 _1liner notes
338 _1Carrier type
500 _aPrevious edition. by Lord Lloyd of Hampstead and M.D.A. Freeman.
504 _aIncludes bibliographical references (pages. [xv]-xxii) and indexes.
650 0 _aJurisprudence.
700 2 _aLloyd of Hampstead, Dennis Lloyd,
_cBaron,
_d1915-
_tIntroduction to jurisprudence.
942 _2lcc
_cBK
_h230.
_iFRE
_kK